00522nam a2200169Ia 450000100090000000300060000900500170001500800410003202000150007304000230008808200170011110000220012824500950015026000530024530000210029865000330031910554698OCoLC20181228152519.0840323s1977 miu 000 0 eng d a0801059267 aCBScCBSdm/cdMAL a248.4bM928A1 aMounce, Robert H.10aAnswers to questions that bug believers /cRobert H. Mounce ; foreword by Russell T. Hitt. aGrand Rapids, Mich. :bBaker Book House,cc1977. a137 p. ;c18 cm. 0aChristian lifevMiscellanea.